[Event "2025 New Year TNM: u1600"]
[Site "San Francisco"]
[Date "2025.01.21"]
[Round "3.43"]
[White "Figueroa, Jeremy Alejandro"]
[Black "Langendorf, Brian Keith"]
[Result "1-0"]
[WhiteElo "1073"]
[BlackElo "746"]
[PlyCount "99"]
[GameId "2137475051653951"]
[EventDate "2025.??.??"]

1. e4 {[%emt 0:00:00]} d6 {[%emt 0:00:14]} 2. d4 {[%emt 0:02:06]} Nf6 {[%emt 0:00:14]} 3. Nc3 {[%emt 0:00:30]} g6 {[%emt 0:00:19]} 4. Nf3 {[%emt 0:01:27]} Nc6 {[%emt 0:01:00]} 5. Bc4 {[%emt 0:02:35]} Bg7 {[%emt 0:00:34]} 6. Bg5 {[%emt 0:01:17]} O-O {[%emt 0:02:40]} 7. Qd2 {[%emt 0:00:20]} Qd7 {[%emt 0:10:09]} 8. O-O-O {[%emt 0:02:53]} Qg4 {[%emt 0:02:41]} 9. e5 {[%emt 0:05:30]} Ne4 {[%emt 0:05:19]} 10. Nxe4 {[%emt 0:00:07]} Qxe4 {[%emt 0:00:18]} 11. Rhe1 {[%emt 0:00:49]} Qg4 {[%emt 0:02:16]} 12. Bf1 {[%emt 0:05:46]} d5 {[%emt 0:05:17]} 13. h3 {[%emt 0:01:03]} Qe6 {[%emt 0:01:06]} 14. Nh4 {[%emt 0:01:41]} a5 {[%emt 0:00:48]} 15. f4 {[%emt 0:00:44]} b6 {[%emt 0:03:20]} 16. g4 {[%emt 0:00:15]} Ba6 {[%emt 0:05:13]} 17. f5 {[%emt 0:00:57]} Qd7 {[%emt 0:12:07]} 18. e6 {[%emt 0:02:41]} fxe6 {[%emt 0:00:23]} 19. Bxa6 {[%emt 0:00:35]} Rxa6 {[%emt 0:00:13]} 20. fxg6 {[%emt 0:00:09]} Bf6 {[%emt 0:02:09]} 21. gxh7+ {[%emt 0:00:05]} Kxh7 {[%emt 0:00:10]} 22. Bxf6 {[%emt 0:01:00]} exf6 {[%emt 0:00:11]} 23. Qd3+ {[%emt 0:00:18]} Kg7 {[%emt 0:03:11]} 24. Qxa6 {[%emt 0:04:53]} Rh8 {[%emt 0:00:48]} 25. Qb5 {[%emt 0:07:39]} Rxh4 {[%emt 0:01:02]} 26. Rd3 {[%emt 0:01:13]} Qd6 {[%emt 0:00:02]} 27. c3 {[%emt 0:03:37]} Qf4+ {[%emt 0:06:06]} 28. Kb1 {[%emt 0:00:06]} Qf2 {[%emt 0:02:25]} 29. Red1 {[%emt 0:00:21]} Ne7 {[%emt 0:05:20]} 30. Qe8 {[%emt 0:00:44]} Ng6 {[%emt 0:01:36]} 31. Qd7+ {[%emt 0:00:40]} Kh6 {[%emt 0:01:08]} 32. Qxe6 {[%emt 0:02:52]} Nf4 {[%emt 0:06:38]} 33. Qxf6+ {[%emt 0:00:07]} Kh7 {[%emt 0:00:16]} 34. Rf3 {[%emt 0:03:14]} Qxf3 {[%emt 0:02:21]} 35. Qxh4+ {[%emt 0:00:10]} Kg6 {[%emt 0:00:17]} 36. Re1 {[%emt 0:02:21]} Qd3+ {[%emt 0:02:16]} 37. Kc1 {[%emt 0:01:42]} Ne2+ {[%emt 0:00:50]} 38. Rxe2 {[%emt 0:00:14]} Qxe2 {[%emt 0:00:08]} 39. Qh5+ {[%emt 0:00:18]} Kg7 {[%emt 0:02:54]} 40. Qe5+ {[%emt 0:00:12]} Qxe5 {[%emt 0:00:28]} 41. dxe5 {[%emt 0:00:01]} Kf7 {[%emt 0:00:12]} 42. Kd2 {[%emt 0:00:13]} Ke6 {[%emt 0:00:01]} 43. h4 {[%emt 0:00:12]} Kxe5 {[%emt 0:00:01]} 44. g5 {[%emt 0:00:20]} Kf5 {[%emt 0:00:05]} 45. Kd3 {[%emt 0:00:29]} c6 {[%emt 0:00:05]} 46. c4 {[%emt 0:00:07]} dxc4+ {[%emt 0:00:04]} 47. Kxc4 {[%emt 0:00:23]} Ke6 {[%emt 0:01:14]} 48. h5 {[%emt 0:00:07]} Kf7 {[%emt 0:01:08] Kd5} 49. a4 {[%emt 0:00:01]} Ke6 {[%emt 0:00:12] b5 Kd6} 50. b4 {[%emt 0:00:13]} 1-0